000 00596nam a2200205Ii 4500
003 JO-AjNU
008 230606s9999||||xx |||||||||||||| ||und||
020 _a0-361-14095-6
040 _aJO-AjNU
_beng
_erda
_cJO-AjNU
041 _aeng
050 1 4 _aHC4026.D58.1988
100 3 _aDOBBINS,RICHARD/STEPHEN F.WITT,
_eauthor
_93291
245 0 0 _aPractical Financial Management
264 3 1 _aNew York:Basil Blackwell,1988
300 _a276p
336 _atext
_btxt
_2rdacontent
337 _aunmediated
_bn
_2rdamedia
338 _avolume
_bnc
_2rdacarrier
650 4 _abusiness enterprises
_93292
999 _aE1721
_c1721
_d1721